|
|
|
|
| LEADER |
00000cam a2200000 a 4500 |
| 001 |
90570 |
| 005 |
20230308164625.0 |
| 008 |
000000|1996 ||||||||r|||||||||||spa|| |
| 020 |
|
|
|a 8449302226
|
| 040 |
|
|
|b spa
|
| 041 |
1 |
|
|a spa
|
| 082 |
0 |
|
|a 323
|
| 100 |
1 |
|
|a Gellner, Ernest.
|d 1925-1995
|9 47823
|
| 245 |
|
|
|a Condiciones de la libertad: la sociedad civil y sus rivales
|c Ernest Gellner
|h imp
|
| 264 |
|
|
|a Barcelona
|b Paidós
|c 1996
|
| 300 |
|
|
|a 205 páginas:
|c 23 cm
|
| 650 |
|
4 |
|a Política
|9 95
|
| 650 |
|
|
|a Estado
|9 287
|
| 650 |
|
|
|a Nacionalismo
|9 546
|
| 650 |
|
|
|a Libertad
|9 8141
|
| 852 |
|
|
|a UC-CDJBV
|c PRIMER PISO
|f Compra
|k mariana.feican
|l 1
|m General
|p 00000000
|r 2
|t 90570
|y 28460
|b 0
|d CDRC
|e CDRC
|g 323 PRIMER PISO
|z 0000-00-00
|
| 942 |
|
|
|c BK
|
| 999 |
|
|
|c 25830
|d 25830
|